| Tag |
First Indicator |
Second Indicator |
Subfields |
| LEADER |
00000cam a2200000 a 4500 |
| 001 |
in00001488694 |
| 005 |
20151021065114.0 |
| 008 |
980618s1999 nyu b 000 0 eng |
| 010 |
|
|
|a 98029003
|
| 020 |
|
|
|a 0815627866 (cloth : alk. paper)
|
| 020 |
|
|
|a 0815627874 (pbk. : alk. paper)
|
| 035 |
|
|
|a (OCoLC)39360917
|
| 035 |
|
|
|9 AJG7487AM
|
| 040 |
|
|
|a DLC
|c DLC
|d JQF
|d TXA
|d UtOrBLW
|
| 041 |
1 |
|
|a eng
|h yid
|
| 049 |
|
|
|a TXAM
|
| 050 |
0 |
0 |
|a PJ5191.E5
|b G55 1999
|
| 082 |
0 |
0 |
|a 839/.12308
|2 21
|
| 245 |
0 |
0 |
|a God, man, and devil :
|b Yiddish plays in translation /
|c translated and edited by Nahma Sandrow.
|
| 250 |
|
|
|a 1st ed.
|
| 264 |
|
1 |
|a Syracuse, NY :
|b Syracuse University Press,
|c 1999.
|
| 300 |
|
|
|a xii, 321 pages ;
|c 23 cm.
|
| 336 |
|
|
|a text
|b txt
|2 rdacontent
|
| 337 |
|
|
|a unmediated
|b n
|2 rdamedia
|
| 338 |
|
|
|a volume
|b nc
|2 rdacarrier
|
| 490 |
1 |
|
|a Judaic traditions in literature, music, and art
|
| 500 |
|
|
|a "Yiddish plays available in English translation": pages 319-321.
|
| 505 |
0 |
0 |
|t God, man, and devil /
|r Jacob Gordin --
|t Green fields /
|r Peretz Hirschbein --
|t Shop /
|r H. Levick --
|t The treasure /
|r David Pinski --
|t Bronx express : a dream in three acts with a prologue and epilogue /
|r Osip Dymov.
|
| 650 |
|
0 |
|a Yiddish drama
|x Translations into English.
|
| 700 |
1 |
|
|a Sandrow, Nahma.
|
| 830 |
|
0 |
|a Judaic traditions in literature, music, and art.
|
| 948 |
|
|
|a c:jh
|
| 999 |
|
|
|a MARS
|
| 999 |
f |
f |
|s 7981888d-f8c6-3ea8-9ad2-da93cf07bd86
|i f565cb5c-31ce-3a9a-a008-59fdb5f0d640
|t 0
|
| 952 |
f |
f |
|p ric
|a Texas A&M University
|b Rellis Campus
|c Joint Library Facility
|d Remote Storage
|t 0
|e PJ5191.E5 G55 1999
|h Library of Congress classification
|i unmediated -- volume
|m A14824989087
|
| 998 |
f |
f |
|a PJ5191.E5 G55 1999
|t 0
|l Remote Storage
|